LEADER 00952nam a2200241 a 4500 001 991003432819707536 008 080303s1999 it | 000|||eng d 035 $ab13690024-39ule_inst 040 $aDip.to Lingue$bita 082 04$a807 100 $aBertacchini, Carla$0527336 245 10$aA Pathway To Literature :$bFrom the 17th to the 20th century : Manuale di didattica della letteratura inglese /$cCarla Bertacchini 246 30$aManuale di didattica della letteratura inglese 260 $aS. Prospero sulla Secchia :$bCPE,$cc1999 300 $a144 p. ;$c22 cm 500 $aSul dorso: 640 650 4$aLetteratura inglese$xDidattica 907 $a.b13690024$b28-01-14$c03-03-08 912 $a991003432819707536 945 $aLE012 807 BER$g1$i2012000259287$lle012$o-$pE0.00$q-$rl$s- $t0$u1$v0$w1$x0$y.i14683581$z03-03-08 996 $aA Pathway To Literature$91229416 997 $aUNISALENTO 998 $ale012$b03-03-08$cm$da $e-$feng$git $h2$i0 LEADER 02052nam 22003855 450 001 996577925103316 005 20220721174939.0 010 $a3-8007-5728-1 035 $a(CKB)4100000012774498 035 $a6204861f-5af4-4ec5-bb2c-198cb0dd2d03 035 $a(EXLCZ)994100000012774498 100 $a20220209d2022 ||| | 101 0 $aeng 135 $auruuu---uuuuu 181 $ctxt$2rdacontent 182 $cc$2rdamedia 183 $acr$2rdacarrier 200 10$aISCTT 2021$e6th International Conference on Information Science, Computer Technology and Transportation 205 $aNeuerscheinung 210 31$aBerlin$cVDE Verlag$d2022 215 $aOnline-Ressource (682 S.) 300 $aPublicationDate: 20220209 311 $a3-8007-5727-3 330 $aLong description: ISCTT 2021 is host by AEIC Academic Exchange Information Center and North China University of Technology, is to bring together innovative academics and industrial experts in the field of Information Science, Computer Technology and Transportation to a common forum. The primary goal of the conference is to promote research and developmental activities in Information Science, Computer Technology and Transportation and another goal is to promote scientific information interchange between researchers, developers, engineers, students, and practitioners working all around the world. The conference will be held every year to make it an ideal platform for people to share views and experiences in Information Science, Computer Technology and Transportation and related areas. The conference brings together about 160 leading researchers, engineers, and scientists in the domain of interest from different countries. 606 $aInformation Science 606 $aTransportation 606 $aComputer Technology 615 00$aInformation Science 615 00$aTransportation 615 00$aComputer Technology 702 $aZhang$b Tao$4edt 906 $aPROCEEDING 912 $a996577925103316 996 $aISCTT 2021$93884079 997 $aUNISA